Statistiques concernant Circonscriptions législatives de la région Pays de la Loire sur une carte

Cliquez ici pour prendre le quiz!

Statistiques générales

  • Ce quiz a été pris 59 fois
  • Le résultat moyen est 27 sur 30

Réponses sur la Carte

Les réponses sont colorées sur une échelle allant du rouge au vert en fonction du pourcentage des utilisateurs qui les ont devinées à leur premier essai. Vous pouvez retrouver ces pourcentages ci-dessous.
 

Statistiques - réponses

NuméroCantons inclus dans la circonscription% Correct
1Angers Centre, Angers Est, Angers Nord-Est, Châteauneuf-sur-Sarthe, Tiercé
100%
7Angers Nord, Angers Nord-Ouest, Candé, Le Lion-d'Angers, Le Louroux-Béconnais, Pouancé, Segré
100%
6Angers Ouest, Beaupréau, Champtoceaux, Montrevault, Saint-Florent-le-Vieil, Saint-Georges-sur-Loire
100%
2Angers Sud, Angers-Trélazé, Chalonnes-sur-Loire, Chemillé, Les Ponts-de-Cé
100%
1Argentré, Bais, Evron, Laval Est, Laval Nord-Est, Laval Saint-Nicolas, Laval Sud-Ouest, Montsûrs, Pré-en-Pail, Villaines-la-Juhel
100%
5Ballon, Bonnétable, La Ferté-Bernard, La Fresnaye-sur-Chédouet, Mamers, Le Mans Nord-Campagne, Le Mans Nord-Ville, Marolles-les-Braults, Montmirail, Tuffé, Vibraye
100%
2Bierné, Château-Gontier Est, Château-Gontier Ouest, Cossé-le-Vivien, Craon, Grez-en-Bouère, Laval Nord-Ouest, Meslay-du-Maine, Saint-Aignan-sur-Roë, Saint-Berthevin, Sainte-Suzanne
100%
4Bouaye, Nantes X, Rezé
100%
5Carquefou, La Chapelle-sur-Erdre, Ligné, Nantes VIII, Nort-sur-Erdre
100%
2Nantes II, Nantes III, Nantes IV, Nantes IX
100%
1Nantes I, Nantes VI, Nantes VII, Orvault
100%
3Nantes V, Nantes XI, Saint-Etienne-de-Montluc, Saint-Herblain Est, Saint-Herblain Ouest-Indre
100%
4Allonnes, Brûlon, Loué, Malicorne-sur-Sarthe, Le Mans Ouest, Sablé-sur-Sarthe, La Suze-sur-Sarthe
98%
1Beaumont-sur-Sarthe, Conlie, Fresnay-sur-Sarthe, Le Mans Centre, Le Mans Nord-Ouest, Saint-Paterne, Sillé-le-Guillaume
98%
2Bouloire, Le Mans Est-Campagne, Le Mans Sud-Est, Le Mans Sud-Ouest, Le Mans-Ville Est, Montfort-le-Gesnois
98%
8Montoir-de-Bretagne, Saint-Nazaire Centre, Sainte-Nazaire Est, Saint-Nazaire Ouest, Savenay
98%
1Challans, Les Essarts, Palluau, Le Poiré-sur-Vie, Rocheservière, La Roche-sur-Yon Nord
94%
2Chantonnay, Mareuil-sur-Lay-Dissais, La Mothe-Achard, Moutiers-les-Mauxfaits, La Roche-sur-Yon Sud, Talmont-Saint-Hilaire
94%
3Beauvoir-sur-Mer, L'Ile-d'Yeu, Noirmoutier-en-l'Ile, Les Sables-d'Olonne, Saint-Gilles-Croix-de-Vie, Saint-Jean-de-Monts
93%
3Ambrières-les-Vallées, Chailland, Couptrain, Ernée, Gorron, Le Horps, Landivy, Lassay-les-Châteaux, Loiron, Mayenne Est, Mayenne Ouest
89%
3Allonnes, Baugé, Beaufort-en-Vallée, Durtal, Longué-Jumelles, Noyant, Saumur Nord, Seiches-sur-le-Loir
87%
4Doué-la-Fontaine, Gennes, Montreuil-Bellay, Saumur Sud, Thouarcé, Vihiers
87%
5Cholet I, Cholet II, Cholet III, Montfaucon
83%
7La Baule-Escoublac, Le Croisic, Guérande, Herbignac, Pontchâteau, Saint-Gildas-des-Bois
83%
3La Chartre-sur-le-Loir, Château-du-Loir, Ecommoy, La Flèche, Le Grand-Lucé, La Lude, Mayet, Pontvallain, Saint-Calais
81%
6Ancenis, Blain, Châteaubriant, Derval, Guéméné-Penfao, Moisdon-la-Rivière, Nozay, Riaillé, Rougé, Saint-Julien-de-Vouvantes, Saint-Mars-La-Jaille, Saint-Nicolas-de-Redon, Varades
78%
9Bourgneuf-en-Retz, Legé, Machecoul, Paimboeuf, Le Pellerin, Pornic, Saint-Père-en-Retz, Saint-Philbert-de-Grand-Lieu
70%
4Les Herbiers, Montaigu, Mortagne-sur-Sèvre, Pouzauges, Saint-Fulgent
65%
5Chaillé-les-Marais, La Châtaigneraie, Fontenay-le-Comte, L'Hermenault, Luçon, Maillezais, Sainte-Hermine, Saint-Hilaire-des-Loges
63%
10Aigrefeuille-sur-Maine, Clisson, Le Loroux-Bottereau, Vallet, Vertou, Vertou-Vignoble
50%

Distribution des résultats

Percentile par nombre de réponses

% des personnes avec chaque résultat

Votre développement - résultats

Vous n’avez pas pris ce quiz